| 000 -LEADER |
| fixed length control field |
00344 a2200145 4500 |
| 003 - CONTROL NUMBER IDENTIFIER |
| control field |
OSt |
| 005 - DATE AND TIME OF LATEST TRANSACTION |
| control field |
20240430201514.0 |
| 008 - FIXED-LENGTH DATA ELEMENTS--GENERAL INFORMATION |
| fixed length control field |
240430b ||||| |||| 00| 0 eng d |
| 020 ## - INTERNATIONAL STANDARD BOOK NUMBER |
| International Standard Book Number |
9781138076006 |
| 082 ## - DEWEY DECIMAL CLASSIFICATION NUMBER |
| Classification number |
720.87 |
| 100 ## - MAIN ENTRY--PERSONAL NAME |
| Personal name |
Roberta Null |
| 245 ## - TITLE STATEMENT |
| Title |
Universal Design Principles and Models |
| 260 ## - PUBLICATION, DISTRIBUTION, ETC. (IMPRINT) |
| Name of publisher, distributor, etc |
Taylor & Francis |
| 942 ## - ADDED ENTRY ELEMENTS (KOHA) |
| Source of classification or shelving scheme |
|